| 000 | 00376cam a22001217a 4500 | ||
|---|---|---|---|
| 008 | 180718b1981 xxu||||| |||| 00| 0 eng d | ||
| 082 | _aA81x54 In2/71/14/Pt2D | ||
| 100 | _aCensus of India 1971 | ||
| 245 | _aMysore: migration tables | ||
| 260 |
_aDelhi _bThe Controller of Publications _c1981 |
||
| 300 | _a1160+p. | ||
| 440 | _aCensus of India 1971. Series-14, Mysore. Part II-D | ||
| 999 |
_c485872 _d485872 |
||